Efektivní řízení podpůrných procesů přináší zisk (Facility process redesign)

Obsahové vymedzenie podporných procesov ( FPR). Princípy a využitie facilities process redesign (FPR). Praktické efekty. Úloha nezávislého externého poradcu.

Gespeichert in:
Bibliographische Detailangaben
1. Verfasser: Váňa, Petr
Format: Buchkapitel
Sprache:Tschechisch
Schlagworte:
Tags: Tag hinzufügen
Keine Tags, Fügen Sie das erste Tag hinzu!

MARC

LEADER 00000naa a2200000 4500
001 r046528
005 20231002104117.7
041 0 |a cze 
044 |a CZ 
245 1 0 |a Efektivní řízení podpůrných procesů přináší zisk  |b (Facility process redesign)  |c Petr Váňa 
520 |a Obsahové vymedzenie podporných procesov ( FPR). Princípy a využitie facilities process redesign (FPR). Praktické efekty. Úloha nezávislého externého poradcu. 
610 2 0 |a riadenie podnikové 
610 2 0 |a efektívnosť 
610 2 0 |a zisk 
610 2 0 |a reštrukturalizácia 
610 2 0 |a prostredie ekonomické 
100 1 |a Váňa, Petr